Práctica de las encuestas estadísticas /

Obra que presenta el estudio de las encuestas como herramientas estadísticas que ayudan a sistematizar cuantitativamente los fenómenos sociales observados por el investigador. El autor desarrolla su estudio en tres capítulos: La preparación de la encuesta; Ejecución de la encuesta; Manejo de los cue...

Descripción completa

Guardado en:
Detalles Bibliográficos
Autor principal: Chevry, Gabriel R. (autor)
Formato: Libro
Idioma:Español
Publicado: Barcelona, España : Ariel, 1967, c1967
Temas:
Etiquetas: Agrega una etiqueta
Sin etiquetas, Sé el primero en etiquetar este registro!

MARC

LEADER 00000nam^a2200000^a^4500
001 000000078
005 20250521000000.0
009 20260310083011.708
037 |a Acervo ITESO - Biblioteca 
041 |a ESP 
082 |a 001. 422  |b CHE 
100 |a Chevry, Gabriel R.  |e (autor) 
245 1 0 |a Práctica de las encuestas estadísticas /  |c G.R. Chevry ; pref. de Claude Gruson ; tr. por Alejandro Herranz Yuste. 
264 4 |a Barcelona, España :  |b Ariel,  |c 1967, c1967 
300 |a 351 p. 
336 |a texto  |b txt  |2 rdacontenido 
337 |a sin mediación  |b n  |2 rdamedio 
338 |a volumen  |b nc  |2 rdasoporte 
500 |a Traducción de: Pratique des enquêtes statistiques 
520 |a Obra que presenta el estudio de las encuestas como herramientas estadísticas que ayudan a sistematizar cuantitativamente los fenómenos sociales observados por el investigador. El autor desarrolla su estudio en tres capítulos: La preparación de la encuesta; Ejecución de la encuesta; Manejo de los cuestionarios contestados. 
649 |a XX 
650 |a Encuesta 
650 |a Cuestionario 
650 |a Muestreo (Estadística) 
650 |a Estadística -  |x Metodología 
650 |a Matemáticas 
650 |a Investigación -  |x Metodología 
910 |a Fondo General 
920 |a Impresos - Libros 
930 |a Colección General 
905 |a 101 
901 |a 0000780100  |b IT1  |c ACC  |i 000078  |u 20250521 
902 |a https://opac.biblio.iteso.mx/vufind/Record/000000078